Angeli con le ali bagnate /

Đã lưu trong:
Chi tiết về thư mục
Tác giả chính: Bianchi, Rossella, (1942- ) (Tác giả)
Định dạng: Sách
Ngôn ngữ:Tiếng Italy
Được phát hành: Reggio Emilia : Imprimatur, 2016
Các nhãn: Thêm thẻ
Không có thẻ, Là người đầu tiên thẻ bản ghi này!

MARC

LEADER 00000nam a22000007i 4500
001 IT\ICCU\TO1\0015204
003 ItRI
005 20260309134556.0
008 160830s2016 it |||||| ||||| |||||c
020 |a 9788868304201 
040 |b ita  |c ct 
041 7 |a ita  |2 ISO-639-2 
100 1 |a Bianchi, Rossella,  |d  (1942- )  |0 IT\ICCU\CFIV\321154  |4 aut 
240 1 0 |a Angeli con le ali bagnate  |9 Bianchi, Rossella <1942- > 
245 1 0 |a Angeli con le ali bagnate /  |c Rossella Bianchi. 
260 |a Reggio Emilia :  |b Imprimatur,  |c 2016 
300 |a 141 p. ;  |c 21 cm. 
942 |2 ddc  |c BK 
999 |c 28897  |d 28897